000
00316nam a2200133Ia 4500
005
20260328104325.0
008
260328s9999||||xx |||||||||||||| ||und||
100
_a
Jodidio, Philip
245
0
_a
Architecture Now! /
_c
Philip Jodidio
260
_b
Taschen
300
_a
191 p.
650
_a
ARQUITECTURA
942
_c
BK
999
_c
11502
_d
11502